| 000 | 01679cam a2200289 a 4500 | ||
|---|---|---|---|
| 001 | 123119 | ||
| 005 | 20230410124133.0 | ||
| 008 | 920909s1993 njua b 001 0 eng | ||
| 020 |
_a0691032149 (acid-free paper) : _c$35.00 |
||
| 050 | 1 | 4 |
_aNA 4475. F82 _bT238i 1993 |
| 082 | 0 | 0 | _a725 |
| 100 | 1 | _aTaylor, Katherine Fischer. | |
| 245 | 1 | 0 |
_aIn the theater of criminal justice : _bthe Palais de justice in Second Empire Paris / _cKatherine Fischer Taylor. |
| 260 |
_aPrinceton, N.J. : _bPrinceton University Press, _cc1993. |
||
| 300 |
_axxii, 161 p. : _bill. ; _c26 cm. |
||
| 440 | 4 | _aThe Princeton series in nineteenth-century art, culture, and society | |
| 504 | _aIncludes bibliographical references (p. 109-154) and index. | ||
| 505 | _a Introduction -- The trial. The judicial system ; Monumental access ; Troppmann's public ; The trial personae: choreography and character ; The debates -- The history of the right to punish -- The inauguration of the criminal wing and its critical reception. | ||
| 520 | _aOffering his own interpretation of questions at the heart of the political controversy over multiculturalism and recognition, the author of this treatise explains what is at stake in the demand made of governments by people seeking recognition of their particular group identities. | ||
| 610 | 2 | 0 | _aPalais de justice (Paris, France) |
| 650 | 0 |
_aSymbolism in architecture _zFrance. |
|
| 650 | 0 | _aAllegories. | |
| 650 | 0 |
_aArchitecture and society _zFrance _xHistory _y19th century. |
|
| 650 | 0 |
_aJustice, Administration of _xPolitical aspects _zFrance _xHistory _y19th century. |
|
| 651 | 0 |
_aParis (France) _xBuildings, structures, etc. |
|
| 942 |
_2lcc _cbk |
||
| 999 |
_c71739 _d71739 |
||